[Event "ISR-ch 34th"]
[Site "Haifa"]
[Date "2008.12.07"]
[Round "5"]
[White "Avrukh, Boris"]
[Black "Gofshtein, Leonid D"]
[Result "1-0"]
[WhiteElo "2657"]
[BlackElo "2546"]
[Annotator "Avrukh,B"]
[PlyCount "87"]
[EventDate "2008.12.01"]
[EventType "swiss"]
[EventRounds "9"]
[EventCountry "ISR"]
[SourceTitle "CBM 127 Extra"]
[Source "ChessBase"]
[SourceDate "2009.01.08"]
[SourceVersion "2"]
[SourceVersionDate "2009.01.28"]
[SourceQuality "1"]

1. d4 d5 2. c4 c6 3. Nf3 Nf6 4. Nc3 a6 5. a4 e6 6. Bg5 Be7 ({The alternatives
are} 6... Nbd7) ({and} 6... h6) 7. e3 a5 8. Be2 O-O 9. O-O Nbd7 $5 {This move
came already as a slight surprise. Usually Black continues here} (9... Na6 {
following by Nb4.}) 10. Rc1 b6 11. cxd5 {I think this is the right moment to
remove the tension in the centre, as later on Black might have serious
alternatives to recapturing with the e-pawn.} exd5 {White is slightly better
after} (11... Nxd5 12. Bxe7 Nxe7 13. e4 Bb7 14. Qb3 $14) ({, while} 11... cxd5
{would be a serious conssession, that allows White to start his play along
c-file.} 12. Nb5 Ba6 13. Bf4 {with definite pressure.}) 12. Qb3 $146 {This
square seems to me quite natural for White's queen, where it keeps an eye on
the b6-pawn.} ({The previous game saw} 12. Qc2 {, but White hardly achieved
anything after} Bb7 13. Bd3 Re8 14. Rfd1 Nf8 15. Ne2 Nh5 16. Bxe7 Rxe7 17. Ng3
Nxg3 18. hxg3 g6 19. Qc3 Qd6 $11 {Grischuk- Moor Oliver,ECU Club Cup 2006})
12... Bb7 13. Rfd1 {In fact this natural move might be a slight inaccuracy.} ({
During the game I also thought about} 13. Bxf6 Bxf6 ({after} 13... Nxf6 14. Ne5
{White has definite pressure.}) 14. e4 {, but after} dxe4 15. Nxe4 Be7 {
the resulting position is rather double-edged.}) ({Worhty of consideration is} 
13. Bd3 Ne8 14. Bxe7 ({Again} 14. Bf4 {is met strongly by} f5) 14... Qxe7 15.
e4 Qb4 16. Qa3 $5 Qxa3 17. bxa3 {and White has some chances to create some
pressure along b-file, though Black's position is pretty solid.}) 13... Ne8 $1
{A very strong idea, Black's knight is heading for d6, where it will be
perfectly placed, controling the e4-square.} ({In the event of} 13... Re8 {
I was planning to play} 14. Bd3 {with idea to play Bf5 increasing the pressure
against the b6-pawn.}) 14. Bxe7 ({After typical} 14. Bf4 {I didn't like} f5 {
and Black seizes full control over e4-square.}) 14... Qxe7 15. Ne5 {[%csl Gb6]
A very ambitious try, that leads to a very complicated battle.} ({Maybe there
would be more chances for an advantage after} 15. Bd3 {, though after} Nef6 (
15... Nd6 {allows White to execute his idea} 16. Ne5 $1 Nxe5 17. dxe5 Qxe5 18.
Qxb6 {with clearly better chances.}) 16. Bf5 Ba6 {Black has a reasonable
position.}) 15... Nxe5 16. dxe5 Qb4 $1 {The key defensive move.} ({Clearly
worse is} 16... Qxe5 $6 17. Qxb6 Nd6 18. Bd3 {and White has a clear edge.}) 17.
Qc2 Rb8 {In general not such a bad move, but there was nothing wrong with the
logical} (17... Nc7 {Most probably White should continue with} 18. f4 (18. Rd4
Qe7 19. Qb3 Qxe5 20. Qxb6 Rfb8 $1 {is very good for Black.}) 18... g6 ({Risky} 
18... f6 19. Bd3 {and Black has problems with defending the h7-pawn.}) 19. Na2
Qe7 20. Qb3 Rab8 $13) {Here I sank into long thought and came up with a nice
idea:} 18. Bd3 $1 g6 19. e4 Qe7 $6 {This is too passive} ({Unfortunately for
Black} 19... d4 {doesn't work:} 20. Ne2 Ng7 (20... c5 {is too dangerous:} 21.
Nf4 {and White is threatening Bc4 followed by Nd3.}) 21. Bc4 $1 {and White is
clearly better both after} b5 ({, or} 21... Qe7 22. Nxd4 Qxe5 23. Nf3 Qe7 24.
Qc3 $16) 22. Ba2 Rbd8 23. Nf4 d3 24. Rxd3 Rxd3 25. Nxd3 Qxe4 26. Nc5 Qxc2 27.
Rxc2 $16) ({The best would be} 19... Nc7 $142 20. exd5 Nxd5 21. Re1 $14 {
and maybe White is slightly better here due to the passivity of Black's
light-squared bishop. Black is very much in the game.}) 20. exd5 cxd5 21. f4
Nc7 (21... f6 {is comfortably met by White:} 22. Qb3 $1 ({, but not} 22. Re1
Qc5+ 23. Kh1 fxe5 24. Rxe5 Rxf4 25. Bxg6 Nf6 {with double-edged play.}) 22...
Qc5+ 23. Kh1 fxe5 24. fxe5 $14 {with advantage.}) 22. Qf2 {The best square for
White's queen.} Ne6 23. Bb1 Rfd8 $6 ({Correct was} 23... Rbd8 {and in the
event of} 24. Nb5 Nc5 25. Ba2 Nxa4 26. Rc7 Rd7 27. Rxd7 Qxd7 28. Nd6 Nc5 {
we get the position from the game with an important difference: Black's rook
is favourably placed on f8, and that makes Black's position quite reasonable.})
24. Nb5 Nc5 25. Ba2 $1 Nxa4 {Black doesn't sense the danger and accepts the
pawn sacrifice.} ({Relatively better was} 25... Bc6 26. Nd6 Rxd6 27. exd6 Qxd6
{, though after} 28. f5 $1 {White's chances are clearly preferable.}) 26. Rc7
Rd7 (26... Qf8 {runs into} 27. Nd6 Rxd6 28. exd6 Qxd6 29. Rxb7 $1 Rxb7 30. Bxd5
$18 {and White wins.}) 27. Rxd7 Qxd7 28. Nd6 Nc5 29. f5 $1 $40 {White's attack
appears to be very dangerous.} Ba8 ({The critical line is} 29... Qa4 30. Rf1
Ne4 ({Hopeless for Black is the line} 30... g5 31. Qe3 h6 32. e6 $18 {with a
decisive attack.}) 31. Nxe4 $1 ({After} 31. Qxb6 Nxd6 32. exd6 Qc6 {Black has
good chances to survive.}) 31... Qxe4 32. fxg6 Qxg6 33. Qh4 {and White has a
powerful attack.}) 30. Rf1 $1 {White calmly increases his pressure. Certainly
I had no intention to regain the pawn} (30. Bxd5 Bxd5 31. Rxd5 {, as after} Qc6
{Black has counterplay.}) 30... Rf8 31. Bb1 d4 $2 {Black immediately collapses
under pressure, but even in the event of the best move} (31... Qe7 32. Qg3 Ne4
({After} 32... Nd7 33. Re1 $1 {Black's position is very dangerous, for example}
({Worse is} 33. Nxf7 Qc5+ 34. Kh1 Kxf7 35. e6+ Ke7 36. exd7 Kxd7 $13) 33... Nc5
34. f6 Qd7 35. Bf5 $1 Qa4 36. Qg5 Qd4+ 37. Kf1 $18 {and White wins.}) 33. Bxe4
dxe4 34. Qf4 $1 {threatening f6 followed by Qh6.} Rd8 35. f6 Qf8 36. Rc1 $16 {
White dominates.}) 32. fxg6 hxg6 33. Bxg6 $1 {[%csl Gf8] It's not clear what
Leonid missed here, but now White has a winning position.} Qg4 34. Bxf7+ Kh7
35. h3 $5 {Most probably White has many ways to the victory , but I found the
following idea} Qg5 36. h4 $1 Qg7 (36... Qxe5 {doesn't help:} 37. Bg6+ $1 Kxg6
38. Qxf8 Qe3+ 39. Rf2 Qe1+ 40. Kh2 Qe5+ 41. g3 $18) ({The main point of my
idea was} 36... Qg4 37. h5 $1 {and the 38.Bg6 idea is decisive.}) 37. Qf5+ Kh8
38. Qh5+ Qh7 39. Qxh7+ Kxh7 40. e6 {Now White is absolutely winning. The rest
is very easy.} Bc6 41. e7 Rb8 42. e8=Q Bxe8 43. Nxe8 d3 44. Rf5 $1 1-0

[Event "Athens Acropolis op"]
[Site "Athens"]
[Date "2003.08.31"]
[Round "7"]
[White "Avrukh, Boris"]
[Black "Malakhatko, Vadim"]
[Result "1-0"]
[WhiteElo "2557"]
[BlackElo "2498"]
[Annotator "Avrukh,B"]
[PlyCount "79"]
[EventDate "2003.08.25"]
[EventType "swiss"]
[EventRounds "9"]
[EventCountry "GRE"]
[SourceTitle "CBM 097"]
[Source "ChessBase"]
[SourceDate "2003.11.11"]
[SourceVersion "1"]
[SourceVersionDate "2003.11.11"]
[SourceQuality "1"]

1. d4 d5 2. c4 c6 3. Nc3 Nf6 4. e3 a6 5. Nf3 b5 6. b3 Bg4 7. Be2 Nbd7 8. h3 Bf5
(8... Bh5 {is another option}) 9. O-O e6 10. Bd3 Bb4 11. Ne2 $146 {Finally I
decided to deviate from Sokolov-Movsesian 2003, where white obtained a small
edge, but of course my opponent had some improvement in his mind ..} (11. Bb2
O-O (11... Bxd3 $5) 12. Bxf5 exf5 13. cxd5 cxd5 14. Qd3 {[%csl Gf5]} g6 15. Ne5
Qc7 (15... Bd6 $142 16. Ne2 Qe7 $11) 16. a4 bxa4 17. Nxa4 Rfc8 18. Rfc1 Qd6 19.
Rc2 $14 {[%csl Ga6][%cal Ga1c1] Sokolov-Movsesian 2003}) 11... Bxd3 (11... O-O
$5 {also deserves serious attention} 12. Bxf5 (12. Bb2 Ne4 $13) 12... exf5 13.
cxd5 (13. Nf4 dxc4 $5 (13... Bd6 $5) 14. bxc4 Bd6 $11) 13... cxd5 14. Qd3 (14.
Nf4 Bd6) 14... Ne4 15. a4 Qb6 $11) 12. Qxd3 O-O 13. Bb2 Qb8 $1 {Very
important! Black should take control over e5-square.} ({All the alternatives
are worse:} 13... bxc4 $6 14. bxc4 Nb6 (14... c5 15. cxd5 exd5 (15... Nxd5 16.
a3 Ba5 17. dxc5 Nxc5 18. Qd4 {[%csl Gc5,Gg7]} Qf6 $8 19. Qxd5 $1 exd5 20. Bxf6
gxf6 21. Rfd1 $16 {[%csl Gd5]}) 16. dxc5 Nxc5 17. Qf5 $16 {[%csl Gd5] ><d5})
15. Ne5 $36 {[%csl Gc6]}) (13... dxc4 14. bxc4 Nb6 15. Qb3 (15. c5 $140 $6 Bxc5
) 15... Be7 16. c5 Nc4 17. Rfd1 $14) 14. Rfc1 Bd6 {[%csl Ge5]} 15. Rc2 {
[%cal Ga1c1] The only white idea - to organize some play along the c-file.} Ra7
$5 {[%cal Ga7b7]} (15... Rc8 16. Rac1 Qb7 17. Ne5 $14) 16. Rac1 Rb7 17. Bc3 $5
{[%cal Gc3a5] Normally white dark-squared bishop remains very passive after
opening of c-file, so white is planning to activate it via a5.} (17. cxb5 cxb5
18. Rc6 Rb6 $1) 17... Ba3 (17... b4 18. Be1 a5 19. Nd2 $1 Re8 20. c5 (20. e4 $2
dxe4 21. Nxe4 Nxe4 22. Qxe4 c5 $1 $132) 20... Bc7 21. f4 $14) 18. Re1 (18. Rd1
$143 bxc4 $1 19. bxc4 Rb1 $132 20. c5 $140 $2 Qb5 $40) 18... Bd6 19. Rec1 Ba3
20. Rf1 Bd6 $1 (20... bxc4 $140 21. bxc4 Rb1 22. cxd5 $1 {[%csl Ga6]} cxd5 23.
Qxa6 $16) 21. cxd5 cxd5 22. Ba5 $36 {I have managed to create some play, but
still black is very much in the game and he should hold white's initiative.}
Rc8 $6 (22... Bc7 $142 $1 23. Bxc7 (23. Bb4 Re8 24. Rfc1 a5 $1 $11) 23... Rxc7
24. Rxc7 (24. Rfc1 $143 Rfc8 $11) 24... Qxc7 25. Rc1 Qa5 $1 {[%csl Ga2]} 26.
Qd2 (26. Qc2 b4 27. Nd2) 26... b4 27. a4 Ne4 $11 28. Qc2 $140 Nc3 $1) 23. Rfc1
(23. Rxc8+ $143 Qxc8 24. Rc1 Qf8 25. Rc6 Nb8) 23... Rxc2 24. Qxc2 b4 $2 (24...
Nb6 {[%cal Gb7c7]} 25. Bxb6 (25. Qc6 $2 Nfd7 $1 26. Bxb6 (26. Ne1 $140 $4 Bh2+
$1 27. Kf1 Rc7 $19) 26... Nxb6 27. Rc2 Rd7 $1 $11 {/\ Rd8-c8}) 25... Rxb6 26.
Qc8+ Ne8 27. Ne5 Qxc8 28. Rxc8 Rb8 29. Rc6 a5 30. Nd7 Ra8 31. Nc5 $14 {black
has some difficulties, but should hold in my opinion.}) 25. Qc8+ Ne8 {[%csl
Ge5][%cal Gf7f6]} 26. Nf4 $1 {[%csl Gb4][%cal Gf4d3] In the space of a few
move the position has changed completely. White has created a serious play on
the queenside and black's position collapses in a few moves.} h6 $6 $138 (26...
Bxf4 27. exf4 Qxc8 28. Rxc8 Kf8 29. Ne5 $1 Nxe5 30. fxe5 Rb5 31. Bd8 $18) ({
More stubborn was:} 26... Kf8 $142 27. Qc6 $1 (27. Nd3 Qxc8 28. Rxc8 Rb5 29.
Bd8 Rb8 $11) 27... Bxf4 (27... Qa7 28. Qa4 $1 (28. Bd8 $2 Rb8 29. Bh4 Nb6 {
[%cal Gb8c8]}) (28. Nd3 Rb5 29. Bd8 f6 $1 {[%csl Gd8]} (29... Rb8)) 28... Rb5
29. Ne5 $1 Nxe5 30. dxe5 Be7 (30... Bxe5 31. Bxb4+ Kg8 32. Nd3 $16 {[%csl Ga6]
[%cal Gd3c5]}) 31. Ne2 $1 $16 {[%cal Ge2d4]} (31. Nd3 Qb7 32. a3 bxa3 33. b4
$14)) 28. exf4 Qxf4 29. Qxb7 (29. g3 Qb8) 29... Qxc1+ 30. Kh2 Qf4+ 31. Kh1 Qc1+
32. Ng1 Ndf6 33. Bxb4+ Kg8 34. Qe7 $1 h6 35. Qf8+ Kh7 36. Qxf7 Qb2 37. Qxe6
Qxd4 38. Be1 $16) 27. Nd3 f6 $6 {[%csl Ge5]} (27... Kf8 28. Nfe5 Nxe5 29. dxe5
Qxc8 30. Rxc8 Be7 31. Rc6 $16 {[%csl Ge7,Ge8]}) 28. Qc6 $5 $138 (28. Bxb4 Bxb4
29. Nxb4 Qxc8 30. Rxc8 Rxb4 31. Rxe8+ $16) 28... Kf7 29. Nc5 (29. Qxa6 $2 Ra7
30. Qc6 Ke7 {[%csl Ga5]}) 29... Bxc5 (29... Nxc5 30. dxc5 Bc7 31. Qd7+ Kf8 32.
Bxc7 Nxc7 33. Nd4 {[%csl Ge6]} Qe8 34. Qd6+ Kg8 (34... Qe7 35. Qc6 Ra7 36. Qb6
Ra8 37. Qxc7 $1 $18) 35. c6 Ra7 36. Qxb4 $18) 30. dxc5 Nf8 (30... Ne5 31. Nxe5+
fxe5 32. Rc2 $1 {[%csl Ga2]} (32. Qxa6 $143 Ra7 33. Qb6 Qxb6 34. Bxb6 Rxa2 35.
c6 Ra8 $16) 32... Ra7 33. Bb6 Rb7 34. Qa4 $1 $18 {[%csl Ga6,Gb4]}) 31. Nd4 $18
Nc7 (31... e5 32. Qxd5+ $18) 32. Qa4 $1 {[%cal Gd4c6]} Nb5 (32... e5 33. Nf5
$18 Ne8 34. c6 Rb5 35. c7 Qc8 36. Bxb4 $18) 33. Nc6 Qc8 34. Nd8+ {The rest is
very simple} Kg8 35. Nxb7 Nc3 36. Rxc3 bxc3 37. c6 c2 38. Bd2 e5 39. b4 Qf5 40.
c7 1-0

[Event "ISR-chT"]
[Site "Israel"]
[Date "2003.01.18"]
[Round "1.1"]
[White "Avrukh, Boris"]
[Black "Pasman, Michael"]
[Result "1-0"]
[WhiteElo "2584"]
[BlackElo "2345"]
[Annotator "Avrukh,B"]
[PlyCount "65"]
[EventDate "2003.01.??"]
[EventType "team"]
[EventRounds "11"]
[EventCountry "ISR"]
[SourceTitle "CBM 094"]
[Source "ChessBase"]
[SourceDate "2003.05.26"]
[SourceVersion "1"]
[SourceVersionDate "2003.05.26"]
[SourceQuality "1"]

1. d4 d5 2. c4 c6 3. Nc3 Nf6 4. e3 a6 5. Nf3 b5 6. b3 Bg4 7. Be2 e6 8. O-O Nbd7
9. h3 Bh5 10. Bb2 (10. Ne5 Bxe2 11. Nxe2 Nxe5 (11... Bd6 $142 $1) 12. dxe5 Nd7
13. cxd5 cxd5 14. Bb2 Bc5 15. Nf4 O-O 16. Qg4 Qe7 17. Nh5 g6 18. Nf6+ $36 {
Belov,I-Zagorskis,D/Karvina/1992/}) 10... Be7 (10... Bd6 {-a critical move in
my opinion}) 11. Ne5 Bxe2 12. Nxe2 Nxe5 13. dxe5 Nd7 14. cxd5 cxd5 15. Nf4 $1
$146 {A new move in present position,but this set-up already was used by white
in this line. In my view create serious problems for black.} (15. Rc1 O-O 16.
Nd4 (16. Rc6 Rc8 $2 (16... Qb8 $5) 17. Rxa6 Bc5 {[%csl Ra6]} 18. Qd3 Rb8 19.
Rc6 Qa5 20. Bc3 Qxa2 21. b4 $16 {1/2-1/2 Browne,W-Christiansen,L/Seattle USA
2003/The Week in Chess 427 (36)}) 16... Qb6 17. Rc6 Qb7 18. Qc2 Ra7 $1 {
[%csl Gc7][%cal Gd7b8]} (18... Rfc8 19. Rc1 Rxc6 20. Qxc6 Qxc6 21. Nxc6 Bc5 22.
Bd4 Ba3 23. Rc2 Kf8 24. Na5 Bb4 25. Nb7 Ke8 26. f4 $14 {1/2-1/2 Grachev,
B-Cornette,M/Heraklio GRE 2002/The Week in Chess 420 (56)}) 19. Rc1 $2 (19. f4
Nb8 20. Rc3 b4 21. Rd3 Rc8 22. Qe2 Nc6 $10) 19... Nxe5 20. Nxe6 (20. Rc7 Qxc7
21. Qxc7 Rxc7 22. Rxc7 Bf6 $17) (20. Rc8 Ng6 $17) 20... Qxc6 21. Nxf8 Qxc2 22.
Rxc2 Nc4 $3 $17 {0-1 Krasenkow,M-Epishin,V/Brno 1994/CBM 43/[Krasenkow] (34)})
(15. Nd4 $5) 15... O-O 16. Qg4 {The main problem for black right now, that now
they cannot move his queen, because of some blows on d5 or e6. In general Ne6
idea all the time in the air and black has to be careful.} Bg5 {It's very easy
to understand my opponent, who wanted to remove my knight from f4, but this
move gives me also important tempo.} (16... Qb6 17. Nxd5 {[%csl Rd7]}) (16...
Rc8 $142 17. Rac1 Kh8 18. Nh5 $5 g6 19. Nf4 $36 {[%csl Rf6,Rg7,Rh6]}) (16...
Qb8 $2 17. Nxe6 $18) 17. Nd3 $1 (17. Nh5 $143 g6 (17... Bh6 $5) 18. Nf6+ Nxf6
19. Qxg5 Ne4 20. Qf4 Rc8 $13) 17... Be7 (17... Rc8 18. f4 $5 (18. Rac1) 18...
Be7 (18... Bh6 $142 $1 {[%cal Gg7g6]}) 19. f5 $1 exf5 20. Rxf5 $40 {[%cal
Ge5e6]} g6 $140 21. e6 $1 fxe6 22. Rxf8+ Nxf8 23. Qd4 $18) 18. Rac1 Qa5 $2 {
This move already in wrong direction.} (18... Qb6 $142 19. Nf4 (19. e4 $143
dxe4 20. Qxe4 Rfd8 $11) 19... Rfd8 20. Rc2 $1 (20. Nh5 g6 21. Nf4 Nf8 22. h4
$36) (20. Bd4 Qb7 21. Nxe6 fxe6 22. Qxe6+ Kf8 23. Qf5+ $11 (23. f4 Ba3 $1 {
[%cal Gd8e8]})) 20... Qb8 $140 21. Nxe6 fxe6 22. Qxe6+ Kf8 23. Rfc1 $36) 19.
Nf4 $1 (19. b4 Qb6 $1 (19... Qxa2 $140 $2 20. Rc7 Rad8 21. Ra1 Qb3 22. Rc3) 20.
Nf4 Qb7 $13) 19... Qxa2 20. Bd4 {[%cal Gf4e6] Black queen is completely out of
the game and it's impossible to do something against white initiative.} Qxb3
21. Rc7 (21. Nxe6 fxe6 22. Qxe6+ Rf7 23. Qxd7 {[%cal Ge5e6]} Bf8 (23... Ba3 24.
Rc8+) 24. Qe6 $16 {[%cal Gc1c7]}) 21... Rad8 22. Rfc1 $5 {Full domination!
Black cannot do nothing against white threats.} (22. Nxe6 fxe6 23. Qxe6+ Rf7 (
23... Kh8 $2 24. Qxe7 $18) 24. Rxd7 Rxd7 25. Qxd7 Bf8 (25... Bh4 26. Qc8+ Rf8
27. Qe6+ Kh8 28. Qg4) 26. Qe6 Qc4 (26... a5 27. Rc1 a4 28. Rc8 $18 {[%cal
Gd4c5,Gc8f8]}) 27. Qxa6 b4 28. Qe6 $18) 22... Kh8 23. R1c6 Qb1+ $138 (23... a5
24. Ra6 $1 (24. Nxe6 $2 fxe6 25. Qxe6 Bh4 $17) (24. Rxe6 $2 fxe6 25. Nxe6 Qb1+
26. Kh2 Qg6 27. Qxg6 hxg6 28. Nxf8 Bxf8 29. e6 Bd6+ $19) 24... g5 25. Nxe6 fxe6
26. Qxe6 $18) (23... b4 24. Rxa6 {[%cal Ga6a7]} Qb1+ 25. Kh2 b3 26. Raa7 b2 27.
Rxd7 $18) 24. Kh2 Qf5 25. Qxf5 exf5 26. Rxa6 {[%cal Ga6a7]} (26. e6 Nb8 27. Rb6
Bd6 28. Rxd6 Rxd6 29. Bc5 Rc6 30. Rxc6 Nxc6 31. Bxf8 fxe6 32. Nxe6 g6 33. Nc7
$18) 26... Bg5 27. Raa7 Bxf4+ 28. exf4 Nb8 29. e6 $1 $18 Rg8 30. exf7 (30. Rab7
) 30... Rgf8 31. Bc5 d4 (31... g6 32. Bd4#) 32. Bxf8 Rxf8 33. Re7 {[%cal Ge7e8]
} 1-0

[Event "Bundesliga 1011"]
[Site "Germany"]
[Date "2011.02.26"]
[Round "10.8"]
[White "Babula, Vlastimil"]
[Black "Saltaev, Mihail"]
[Result "1-0"]
[WhiteElo "2515"]
[BlackElo "2483"]
[Annotator "Babula/Meyer,CD"]
[PlyCount "75"]
[EventDate "2010.10.09"]
[EventType "team-tourn"]
[EventRounds "15"]
[EventCountry "GER"]
[SourceTitle "CBM 141"]
[Source "ChessBase"]
[SourceDate "2011.03.17"]
[SourceVersion "1"]
[SourceVersionDate "2011.03.17"]
[SourceQuality "1"]
[WhiteTeam "Werder Bremen"]
[BlackTeam "Muelheim Nord"]
[WhiteTeamCountry "GER"]
[BlackTeamCountry "GER"]

1. d4 d5 2. c4 c6 3. Nc3 Nf6 4. Nf3 a6 5. c5 g6 {'Black fianchettoes his
bishop in order to support his main strategic goal in this line - the e7-e5
advance in future.'} (5... Nbd7) 6. Bf4 Bg7 7. e3 Bf5 $6 {'I don't like mixing
of moves g6 and Bf5 as the bishop can't retreat on g6 in some cases.'} 8. Nd2
$5 {'Aimed against Ne4.'} ({Alternativen: I} 8. h3) ({II I don't see anything
special for White after} 8. Qb3 Qc8) ({III After} 8. Be2 $6 {Black happily
plays} Ne4 {trying to exchange some pieces as he has less space.}) 8... Nbd7 9.
Be2 h5 $2 {'Black avoids the g2-g4 advance but seriously weakens his position.'
} ({I} 9... e5 $5 10. dxe5 Nh5 11. Bxh5 gxh5 12. e4 $1 (12. Qxh5 $143 Bg6 13.
Qh3 Nxc5 $13) 12... Bg4 13. f3 Be6 14. exd5 cxd5 15. Nb3 Nxe5 16. O-O Nc4 17.
Qc1 $14) ({II We both considered the position after} 9... O-O 10. g4 Be6 $14 {
'as very good for White, but it was better than the text. The bishop on e6
obstructs Black to fulfil the e7-e5 advance.' , Babula}) 10. h3 $1 {'White is
ready again to play g2-g4.'} h4 $6 {'Black avoids for good that advance but
the pawn on h4 will be very week.'} ({I} 10... O-O $2 11. g4 $16 {is now worse
than move before as White opens the h file in addition.}) ({II I think the
best is} 10... Nf8 $5 {Then I wanted to complete my development and to start
play on the queenside.}) 11. O-O e5 $6 {'A strange move again, an opening of
the position favours the better developed side (in this case White), but Black
was in difficult position anyway.'} ({I} 11... O-O $2 12. Nf3 {simply loses
the h4 pawn.}) ({II} 11... Nf8 $5) 12. dxe5 ({I considered also} 12. Bg5 $6 {
, but the text is stronger.}) 12... Nh5 13. Bxh5 Rxh5 14. e4 Be6 (14... dxe4
15. Ndxe4 $16) 15. exd5 cxd5 16. Nf3 Nxe5 {'?!' 'These exchanges favours White
as he will gain control over black squares.'} ({I} 16... Nxc5 17. Qd4 {and
Rad1 wins the d5 pawn.}) ({II} 16... Rc8 17. b4 $16) 17. Nxe5 Bxe5 18. Bxe5
Rxe5 19. Qd4 $16 {'White now has a nice blockade on the black squares and a
technically won position.'} Qc7 (19... Qf6 $2 20. Rae1 $1 Rf5 21. Qxf6 Rxf6 22.
Nxd5 $18) 20. Rfe1 $1 $18 {'Black has only one active piece, so White
exchanges it.'} ({Other moves are not so good, for example: I} 20. Nxd5 $2
O-O-O $1 (20... Rxd5 $2 21. Qh8+) (20... Bxd5 $2 21. Rfe1)) ({II} 20. Qxh4 $6
Rh5) 20... Rxe1+ 21. Rxe1 O-O-O 22. b4 Kb8 (22... g5 23. Re5 Rg8 24. Nxd5 Qd8
25. f3 $18) 23. b5 $5 {'White has more than one winning plan and I opted for
an attack against Black king. Note that White is playing almost a piece up as
Black bishop is very passive.'} (23. Qxh4 d4 24. Rd1 d3 25. b5 $18) 23... Rc8
24. bxa6 Qxc5 (24... bxa6 25. Rb1+ Ka8 26. Nxd5) 25. Qe5+ Ka7 ({I} 25... Qc7
26. axb7 Kxb7 27. Rb1+ Ka8 (27... Kc6 28. Qd4) 28. Qd4 Qa7 29. Qb4 Rc4 30. Qb2
Bf5 (30... d4 31. Nb5) 31. Nxd5 $18) ({II} 25... Rc7 26. Nb5 $1 Qxb5 27. Rc1
$18 (27. a7+)) 26. axb7 Rb8 (26... Kxb7 27. Rb1+ Kc6 28. Na4 $18) 27. a4 $1 {
'!?' 'White's knight gains the nice square close to Black's king.'} ({I saw} 
27. Ne4 Qb4 28. Nd6 Rd8 {during the game and I thought it was not good, but
computer sees a strong reply} 29. Re3 $1 {with idea} Qxd6 30. Qb2 Kb8 31. Ra3)
27... Rxb7 28. Nb5+ {'The king hunt begins.'} Ka6 29. Qh8 Qc8 30. Qxh4 Rb6 31.
Qe7 Ka5 32. Rb1 Bf5 33. Qb4+ Ka6 34. Rd1 Qc4 35. Qf8 Ka5 36. Qxf7 Kxa4 37. Nd4
$6 $138 {'?!' 'An inaccuracy in timetrouble, I overlooked the possibility of
Black's Rb1 move exchanging the rooks. In that case I should have shown some
technique to convert it.' in Zeitnot ein "Schönheitsfehler"} ({I} 37. Nc7 $142
$1 $18 {'!?'} Rb1 (37... Kb3 38. Nxd5) 38. Rxb1 Bxb1 39. Nxd5) ({II} 37. Rd4
Kxb5 38. Rxc4 dxc4 {+-, z.B.} 39. g4 Bd3 40. f4 Kb4 41. f5 gxf5 42. gxf5 Rb5
43. f6 c3 44. Qe7+ Kb3 45. f7 c2 46. Qe3 Kb2 47. f8=Q c1=Q+ 48. Qxc1+ Kxc1)
37... Be4 $2 {'But my opponent misses it too.'} (37... Rb1 {'!'} 38. Qa7+ Kb4
39. Qb6+ Kc3 40. Qa5+ Kb2 41. Qd2+ Ka3 42. Rxb1 Bxb1 43. Ne2 Bc2 (43... Bd3 $2
44. Nf4) 44. f3 {mit "technischer Gewinnstellung" (+-)}) 38. Qa7+ 1-0